Normal view
MARC view
- The Institute of Chartered Accounting of BD
Entry Personal Name
001 - CONTROL NUMBER
- control field: 5644
003 - CONTROL NUMBER IDENTIFIER
- control field: OSt
005 - DATE AND TIME OF LATEST TRANSACTION
- control field: 20240130084606.0
008 - FIXED-LENGTH DATA ELEMENTS
- fixed length control field: 240130|| aca||aabn | a|a d
040 ## - CATALOGING SOURCE
- Original cataloging agency: OSt
- Transcribing agency: OSt
100 ## - HEADING--PERSONAL NAME
- Personal name: The Institute of Chartered Accounting of BD
670 ## - SOURCE DATA FOUND
- Source citation: Work cat.: (OSt)4836: The Institute of Chartered Accounting of BD, Bangladesh Financial Reporting standard(BFRS), 2008
